000 00969pam a2200277 a 4500
999 _c16711
_d16711
001 3824238
003 ARRUPE
005 20170927121609.0
008 860808s1987 nyua b 001 0 eng
010 _a 86018370
020 _a0029315506
040 _aDLC
_cDLC
_dDLC
043 _ae-uk---
050 0 0 _aGN308.3.G7
_bS76 1987
082 0 0 _a306/.0941
_219
100 1 _aStocking, George W.,
_cJr.
_q(George Ward),
_d1928-2013.
_936410
245 1 0 _aVictorian anthropology /
_cGeorge W. Stocking, Jr.
260 _aNew York :
_bFree Press ;
_aLondon :
_bCollier Macmillan,
_cc1987.
300 _axvii, 429 p. :
_bill. ;
_c25 cm.
500 _aIncludes index.
504 _aBibliography: p. 331-410.
650 0 _aEthnology
_zGreat Britain
_xHistory
_y19th century.
_936411
650 0 _aSocial evolution
_xHistory.
_936412
906 _a7
_bcbc
_corignew
_d1
_eocip
_f19
_gy-gencatlg
942 _2lcc
_cMONOGRAPH